| 000 | 00392nam a22001457a 4500 | ||
|---|---|---|---|
| 082 |
_a530 _bJOO _cL-6:P-55 |
||
| 100 |
_aJOOS, Georg _939709 |
||
| 245 |
_aTheoretical Physics _cGeorg,JOOS, |
||
| 250 | _avolumn 1st | ||
| 260 |
_aLondon _bBlackie and Son Ltd _c1934 |
||
| 300 |
_ap748. : _bill. ; _c14 cm. |
||
| 526 |
_a0 _b0 _c0 _d530_000000000000000_JOO |
||
| 650 |
_aMCE _9379 |
||
| 942 |
_2ddc _cBK |
||
| 999 |
_c544155 _d544155 |
||